000 00640nam a2200205Ia 4500
005 20241216011250.0
008 190429s9999||||xx |||||||||||||| ||und||
082 _a622.2
_bR77
100 _aROJAS QUISPE CRESENTINO
245 0 _aDISEÑO, ESTUDIO DE COSTOS Y PLANEAMIENTO EN PREPARACION DE TAJEOS DEL NIVEL 500 MINA NUEVA PERLA
250 _a0
260 _aCERRO DE PASCO-PERU
_bUNDAC
_c1995
300 _a124 pag.
_c30 cm.
341 _h0
490 _v0
_a0
505 _aSITUACION ACTUAL DE LA MINA/SELECCION DEL METODO/EXPLOTACION
541 _aD
_bROJAS QUISPE, CRESENTINO
_d03-Mar-03
_oSoles
650 _aMinas
942 _cTESIS
999 _c37174
_d37174